Alagappan's Clinical Medicine for Dental Students (Record no. 24873)
[ view plain ]
| 000 -LEADER | |
|---|---|
| fixed length control field | 00371nam a22001577a 4500 |
| 003 - CONTROL NUMBER IDENTIFIER | |
| control field | SGT |
| 020 ## - INTERNATIONAL STANDARD BOOK NUMBER | |
| International Standard Book Number | 9789351528791 |
| 082 ## - DEWEY DECIMAL CLASSIFICATION NUMBER | |
| Classification number | 610 |
| Item number | A15A |
| 100 ## - MAIN ENTRY--PERSONAL NAME | |
| Personal name | Alagappan, R. |
| 245 ## - TITLE STATEMENT | |
| Title | Alagappan's Clinical Medicine for Dental Students |
| 250 ## - EDITION STATEMENT | |
| Edition statement | 3rd |
| 260 ## - PUBLICATION, DISTRIBUTION, ETC. (IMPRINT) | |
| Place of publication, distribution, etc | New Delhi, India |
| Name of publisher, distributor, etc | Jaypee Publishers |
| Year of Publication | 2015 |
| 300 ## - PAGE DESCRIPTION | |
| No. of Pages | 493 |
| 650 ## - SUBJECT ADDED ENTRY--TOPICAL TERM | |
| Topical term or geographic name as entry element | Medicine |
| 942 ## - ADDED ENTRY ELEMENTS (KOHA) | |
| Source of classification or shelving scheme | Dewey Decimal Classification |
| Koha item type | Books |
| Withdrawn status | Lost status | Source of classification or shelving scheme | Damaged status | Not for loan | Home library | Current library | Shelving location | Date acquired | Vendor Name | SGTU | Bill Number | Full call number | Accession No. (Barcode) | Date last seen | Bill Date | Koha item type | Total Checkouts | Date last borrowed |
|---|---|---|---|---|---|---|---|---|---|---|---|---|---|---|---|---|---|---|
| Dewey Decimal Classification | SGT Dental Library | SGT Dental Library | Text Book | 24/08/2023 | Ahuja Book Co. Pvt. Ltd. | SGTU | 16974 | 610 A15A | FD9210 | 24/08/2023 | Books | |||||||
| Dewey Decimal Classification | SGT Dental Library | SGT Dental Library | Text Book | 24/08/2023 | Ahuja Book Co. Pvt. Ltd. | SGTU | 16974 | 610 A15A | FD9211 | 03/04/2025 | Books | 1 | 03/04/2025 | |||||
| Dewey Decimal Classification | SGT Dental Library | SGT Dental Library | Text Book | 24/08/2023 | Ahuja Book Co. Pvt. Ltd. | SGTU | 16974 | 610 A15A | FD9212 | 24/08/2023 | Books | |||||||
| Dewey Decimal Classification | SGT Dental Library | SGT Dental Library | Text Book | 24/08/2023 | Ahuja Book Co. Pvt. Ltd. | SGTU | 16974 | 610 A15A | FD9213 | 24/08/2023 | Books | |||||||
| Dewey Decimal Classification | SGT Dental Library | SGT Dental Library | Text Book | 24/08/2023 | Ahuja Book Co. Pvt. Ltd. | SGTU | 16974 | 610 A15A | FD9214 | 03/04/2025 | Books | 1 | 03/04/2025 |